Statystyki dla 10 Najmniej szczęśliwych krajów 2019 według raportu ONZ

Kliknij tutaj aby rozwiązać quiz!

Ogólne statystyki

  • Ten quiz został rozwiązany 110 razy
  • Średni wynik to 4 z 10

Statystyki odpowiedzi

MiejsceKraj% Poprawnych
8.Syria
71%
3.Afganistan
70%
1.Sudan Południowy
53%
6.Jemen
46%
2.Republika Środkowoafrykańska
39%
5.Rwanda
35%
10.Haiti
29%
9.Botswana
28%
7.Malawi
28%
4.Tanzania
22%

Rozkład punktacji

Percentyl według liczby udzielonych odpowiedzi

Procent ludzi z każdym wynikiem

Twoja historia wyników

Nie rozwiązałeś tego quizu